000 00986nam a22003017a 4500
003 CHAP
005 20220329143742.0
008 110606s1974 mx r 00010 spa d
010 _a101418
011 _a102390
035 _a113078
040 _cCHAP
082 0 4 _a330.0972
_bC21
100 1 _aCarmona Amorós, Salvador.
_919020
245 1 3 _aLa economía mexicana y el nacionalismo revolucionario
_c/por Salvador Carmona Amorós
260 _aMéxico, D.F. :
_bEl caballito,
_cc1974
300 _a177 p.
590 _aBATCH-UPD
_b10
_c20130110
_lUCH01
_h1237
590 _aBATCH-UPD
_b10
_c20130410
_lUCH01
_h0805
590 _aBATCH-UPD
_b10
_c20130914
_lUCH01
_h0845
590 _aCONVERSION
_b10
_c20130109
_lUCH01
_h1356
650 1 4 _aMéxico
_xAspectos económicos.
_976643
650 1 4 _aNacionalismo.
_980006
650 1 4 _aPolítica económica
_zMéxico.
_990535
901 _aBK
942 _cLIBRO
949 _a330.0972 C21
_bBC
_cLIBRO
_d33724002247967
_eLIBRO
_h115119
_i113078
_sb
999 _c101418
_d101418